| 000 | 00653nam a2200145Ia 4500 | ||
|---|---|---|---|
| 008 | 170221s9999 xx 000 0 und d | ||
| 100 | _aAleksander S. Drovnikov | ||
| 245 | _aTeachers Professional Competence Assessment Technology in Qualification Improvement Process | ||
| 245 | _cAleksander S. Drovnikov, Evgeni L. Nikolaev, Anton S. Afanasev, Vladimir N. Ivanov, Tatyana N. Petrova, Galina G. Tenyukova, Natalia L. Maksimova, Faina V. Povshednaya | ||
| 260 | _bInternational Review of Management and Marketing | ||
| 260 | _c2016 | ||
| 300 | _a15 : 21 | ||
| 650 | _xMarketing. | ||
| 856 | _uhttp://www.econjournals.com/index.php/irmm/issue/view/64 | ||
| 999 |
_c312306 _d312306 |
||